000 00513nam a2200169Ia 4500
008 241217s9999||||xx |||||||||||||| ||und||
020 _a9780071229371
_c75.4
040 _beng
_cSSK Library
_erda
082 _a004.6 FOR.2
100 _a Behrouz A. Forouzan With Catherine Coombs & Sophia Chung Fegan -
245 0 _aData Communications And Networking
250 _a2nd ed
260 _b Mcgraw-Hill Education
_c©2001
942 _2Dewey Decimal Classification
_cBOOK
_nNo
999 _c23629
_d23629
003 OSt
005 20241217112907.0